000 00662nam a22002177a 4500
003 OSt
005 20260123082759.0
008 260123b |||||||| |||| 00| 0 eng d
020 _a0-8151-6027-5.
040 _aDWC-Main lib.
_cOC
082 _aCirc. 616.89 Y36 1985
100 _aFreedman, Daniel X.
245 _aThe yearbook of psychiatry and applied mental health 1985/
_cDaniel X. Freedman
260 _aChicago :
_bYear Book Medical Publishers, Inc.,
_cc1985.
300 _a457 p. ;
_c23 cm.
504 _aIncludes index.
650 _a1. Mental health.
650 _a2. Nursing.
650 _a3. Psychiatry.
942 _2ddc
_cBK-CIRC
_hCirc.
_n0
999 _c7758
_d7758